00557nam a22001697a 450000500170000001000150001702000110003203500130004303700130005610000190006924500920008826000410018027000900022130000390031150000190035070000180036920140324125832.0 aENG-109616 c100.00 aEN-93149 bDBAD/PUB aRagland, Annie aDevelopmental botany and experimental embryology /cby Annie Ragland [and] V. Kumaresan bSaras Publicationc2013aKanyakumari bKanyakumarie629002a114/35G, A. R. P. Camp Road, Periavilai, Kottar P. O., Nagercoil axii,328p. :c18cm(pbk) bill aIncludes index aKumaresan, V.